zpět

Detail výsledku týmu

Restaurace Na Radnici, Tršice

Datum a čas kvízu

25 Celkem bodů Celkový počet nahraných bodů na tomto kvízu bez doplňovacích otázek.
7. Pořadí na kvízu Konečné umístění týmu na tomto kvízu.

Zaznamenané odpovědi

# Otázka Odpověď Body Výsledky
1. Koronavirus dorazil i do Posla... Karla Šlechtová 1
2. Jistá arabská země minulý týde... Spojené arabské emiráty 0
3. Jak se jmenuje slavný britský... Sean Connery 0
4. Minulý týden byl oznámen konec... Internet Explorer 1
5. Časopis Forbes zveřejnil žebří... Tomáš Satoranský 1
6. V tomto tématu se podíváme na... (druhá) punská válka 0
7. V roce 1792 u Valmy porazila f... Prusko 0
8. Jak se jmenoval americký gener... Robert Edward Lee 0
9. Německo poprvé ve velkém měřít... Ypry / Ypres 0
10. Kniha Černý jestřáb sestřelen... v Somálsku 0